00311nam a22000977a 4500008004100000020001500041082002100056245007400077260005500151300000700206230626b xxu||||| |||| 00| 0 eng d a9987666329 a337.11bEAC 2003 aReport of the 3rd Summit Meeting of Heads of StatebArusha, Tanzania  aTanzania bEast African Community Secretaiatc2003 a6p